Catálogo

Edafología : (Registro nro. 62227)

Detalles MARC
000 -LEADER
fixed length control field 00779nam a2200241 a 4500
001 - CONTROL NUMBER
control field 62227
005 - DATE AND TIME OF LATEST TRANSACTION
control field 20180714064152.0
008 - FIXED-LENGTH DATA ELEMENTS--GENERAL INFORMATION
fixed length control field 150309s2013 sp a r 000 spa d
020 ## - INTERNATIONAL STANDARD BOOK NUMBER
International Standard Book Number 978-84-8476-661-2
041 ## - LANGUAGE CODE
Language code of text/sound track or separate title spa
082 0# - DEWEY DECIMAL CLASSIFICATION NUMBER
Classification number 631.4
Item number POR
100 1# - MAIN ENTRY--PERSONAL NAME
Personal name Porta, Jaume
Relator term autor
245 #0 - TITLE STATEMENT
Title Edafología :
Remainder of title uso y protección de suelos /
Statement of responsibility, etc. Jaume Porta, Marta López-Acevedo, Rosa M. Poch.
250 ## - EDITION STATEMENT
Edition statement 3a. edición
264 #1 - PRODUCTION, PUBLICATION, DISTRIBUTION, MANUFACTURE, AND COPYRIGHT NOTICE
Place of production, publication, distribution, manufacture España :
Name of producer, publisher, distributor, manufacturer Ediciones Mundi-Prensa,
Date of production, publication, distribution, manufacture, or copyright notice 2013
300 ## - PHYSICAL DESCRIPTION
Extent 607 páginas :
Other physical details ilustraciones ;
Dimensions 28 cm.
336 ## - CONTENT TYPE
Content type term texto
Source rdacontent
337 ## - MEDIA TYPE
Media type term sin mediación
Source rdamedia
338 ## - CARRIER TYPE
Carrier type term volumen
Source rdacarrier
650 #0 - SUBJECT ADDED ENTRY--TOPICAL TERM
Topical term or geographic name entry element Edafología
700 1# - ADDED ENTRY--PERSONAL NAME
Personal name López-Acevedo Reguerín, Marta
Relator term autor
700 1# - ADDED ENTRY--PERSONAL NAME
Personal name Poch, Rosa M.
Relator term autor
Existencias
Withdrawn status Lost status Source of classification or shelving scheme Damaged status Not for loan Collection code Home library Current library Shelving location Date acquired Source of acquisition Inventory number Total Checkouts Total Renewals Full call number Barcode Date last seen Date last checked out Price effective from Koha item type
    Dewey Decimal Classification     General Biblioteca Karol Wojtyla Biblioteca Karol Wojtyla Sala general 09/03/2015 Compra 151000000000000000012871 7 3 631.4 POR 2013 93556 05/01/2026 21/02/2025 19/08/2015 Libro